El Nicaragua sandinista visto por la prensa francesa

Na minha lista:
Detalhes bibliográficos
Autor Corporativo: EST&QUEST
Formato: Texto
Publicado em: Paris: EST&QUEST
Tags: Adicionar Tag
Sem tags, seja o primeiro a adicionar uma tag!

MARC

LEADER 00000 a a2200000 04500
001 21239
003
040 |a CRAI/IIS  |c CRAI/IIS 
090 |a 092700  
110 |a EST&QUEST  
245 |a El Nicaragua sandinista visto por la prensa francesa  
260 |a Paris:   |b EST&QUEST  
300 |a 47 p  
999 |c 6424  |d 6424